Sports Quiz

Random Sports Quiz

Home Runs by 2nd basemen Quiz Stats

 Plays Quiz not verified by Sporcle

Score 0/50 Timer 10:00
0 Plays Today
Years Player % Correct
1951-1975Joe Morgan
93.7%
1976-2000Joe Morgan
93.7%
2001-2016Robinson Cano
93.7%
1976-2000Ryne Sandberg
92.6%
2001-2016Chase Utley
92.6%
1976-2000Jeff Kent
90.5%
2001-2016Jeff Kent
90.5%
1976-2000Lou Whitaker
87.4%
1976-2000Craig Biggio
87.4%
1976-2000Frank White
86.3%
2001-2016Brandon Phillips
81.1%
1976-2000Bobby Grich
78.9%
2001-2016Ian Kinsler
78.9%
1901-1925Rogers Hornsby
77.9%
1926-1950Rogers Hornsby
77.9%
2001-2016Dan Uggla
77.9%
1976-2000Roberto Alomar
76.8%
1951-1975Bill Mazeroski
73.7%
1976-2000Davey Lopes
71.6%
1926-1950Charlie Gehringer
70.5%
2001-2016Ben Zobrist
70.5%
2001-2016Aaron Hill
66.3%
1951-1975Davey Johnson
65.3%
2001-2016Kelly Johnson
65.3%
2001-2016Rickie Weeks
63.2%
Years Player % Correct
1926-1950Bobby Doerr
62.1%
1926-1950Joe Gordon
61.1%
1926-1950Tony Lazzeri
61.1%
1901-1925Nap Lajoie
56.8%
1976-2000Juan Samuel
50.5%
1901-1925Frankie Frisch
46.3%
1926-1950Frankie Frisch
46.3%
1901-1925Eddie Collins
45.3%
1951-1975Dick McAuliffe
38.9%
1951-1975Dick Green
29.5%
1951-1975Julian Javier
20%
1951-1975Tony Taylor
20%
1901-1925Larry Doyle
15.8%
1951-1975Bobby Avila
12.6%
1951-1975Charlie Neal
8.4%
1926-1950George Grantham
7.4%
1901-1925Jimmy Dykes
6.3%
1901-1925Aaron Ward
6.3%
1901-1925Danny Murphy
5.3%
1901-1925Del Pratt
5.3%
1926-1950Tony Cuccinello
5.3%
1951-1975Frank Bolling
5.3%
1901-1925Marty McManus
4.2%
1926-1950Jimmy Bloodworth
4.2%
1926-1950Lonny Frey
4.2%

You're not logged in!

Compare scores with friends on all Sporcle quizzes.
OR
Log In

Show Comments

Extras

Created Nov 30, 2016ReportNominate
Tags:2nd, basemen, era, home, player, primary, run, team

Top Quizzes Today


Score Distribution

Your Account Isn't Verified!

In order to create a playlist on Sporcle, you need to verify the email address you used during registration. Go to your Sporcle Settings to finish the process.

Report this User

Report this user for behavior that violates our Community Guidelines.

Details: